The Politics of the Middle East / (Record no. 2294)

MARC details
000 -LEADER
fixed length control field 00817nac a22002051u 4500
008 - FIXED-LENGTH DATA ELEMENTS--GENERAL INFORMATION
fixed length control field 101007s2007 cau|||||r|||| 001 0 eng d
010 ## - LIBRARY OF CONGRESS CONTROL NUMBER
LC control number 2005935194
020 ## - INTERNATIONAL STANDARD BOOK NUMBER
International Standard Book Number 0495007501
020 ## - INTERNATIONAL STANDARD BOOK NUMBER
International Standard Book Number 9780495007500
082 ## - DEWEY DECIMAL CLASSIFICATION NUMBER
Classification number 320.956
Item number PAL
100 ## - MAIN ENTRY--PERSONAL NAME
Personal name Palmer, Monte
9 (RLIN) 20113
245 ## - TITLE STATEMENT
Title The Politics of the Middle East /
Statement of responsibility, etc Monte Palmer
250 ## - EDITION STATEMENT
Edition statement 2nd ed.
260 ## - PUBLICATION, DISTRIBUTION, ETC. (IMPRINT)
Place of publication, distribution, etc Belmont,CA.
Name of publisher, distributor, etc Thomson Wadsworth ,
Date of publication, distribution, etc 2007.
300 ## - PHYSICAL DESCRIPTION
Extent xiii,394 p. :
Other physical details ill. ,maps ;
Dimensions 23 cm.
504 ## - BIBLIOGRAPHY, ETC. NOTE
Bibliography, etc Includes bibliography:p. 341-371 and index
650 ## - SUBJECT ADDED ENTRY--TOPICAL TERM
Topical term or geographic name as entry element Middle East
General subdivision Politics and government
Chronological subdivision 20th century
9 (RLIN) 20114
942 ## - ADDED ENTRY ELEMENTS (KOHA)
Item type Book - Borrowing
Call number prefix 320.956 PAL
Source of classification or shelving scheme Dewey Decimal Classification
Holdings
Withdrawn status Item status Source of classification or shelving scheme Damaged status Not for loan Vendor Home library Current library Shelving location Date acquired Source of acquisition Total Checkouts Total Renewals Full call number Barcode Date last seen Date last borrowed Koha item type
    Dewey Decimal Classification       Central Library Central Library First floor 07/10/2010   24 41 320.956 PAL 000002078 15/07/2025 27/10/2019 Book - Borrowing